01414nam a2200373 i 450000100060000000300080000600500170001400600190003100700150005000800410006502000180010603500220012404000310014605000220017708200180019910000330021724500940025026400610034430000250040533600310043033700330046133800430049449000410053750000230057850400290060158800830063059001620071365000220087565000190089765500270091679700180094385600620096199900170102368884FINmELB20241217142932.0m o u cr cn|||||||||131122s2012 mx ob 001 0 spa d z9786074015072 a(OCoLC)1010659365 aFINmELBbspaerdacFINmELB 4aHD5855bA553 20120 a331.127912231 aAndrade Rubio, Karla Lorena.10aExclusión social y emigración en el ejido de San Pablo /cKarla Lorena Andrade Rubio. 1aMéxico DF :bEditorial Miguel Ángel Porrúa,c2012. a1 recurso en línea atextobtxt2rdacontent/spa acomputadorabc2rdamedia/spa arecurso en líneabcr2rdacarrier/spa0 aColección Desarrollo e migración aContiene índice. aContiene bibliografía. aDescripción basada en metadatos suministrados por el editor y otras fuentes. aRecurso electrónico. Santa Fe, Arg.: elibro, 2020. Disponible vía World Wide Web. El acceso puede estar limitado para las bibliotecas afiliadas a elibro. 4aTrabajo migrante. 0aMigrant labor. 4aLibros electrónicos.2 aelibro, Corp.40uhttps://elibro.net/ereader/politecnicointernacional/38512 c68884d68884